00516nam a22001577a 450000500170000001000150001702000260003203500130005803700130007110000220008424500790010626000310018527000830021630000260029949000330032520140917114220.0 aENG-110871 a9789351431756c150.00 aEN-94403 bDBAD/PUB aRosedar, S. R. A. aProperty laws :cby Rosedar S. R. A.btransfer of property and easements / aGurgaonbLexis Nexisc2014 a14th Floor, Building No.10, Tower-B, DLF Cyber City, Phase-IIbGurgaone122002 aviii,100p.c22cm(pbk) aQuick reference guide series